El Canal de Panamá enfrentando los retos del siglo XXI /

Saved in:
Bibliographic Details
Main Author: Bocanegra, Jaime
Format: Text
Subjects:
Tags: Add Tag
No Tags, Be the first to tag this record!

MARC

LEADER 00000 a a2200000 04500
001 9451
003
040
100 |a Bocanegra, Jaime  
245 |a El Canal de Panamá enfrentando los retos del siglo XXI /  |c Jaime Bocanegra 
650 |a ZONA DEL CANAL DE PANAMA  
773 |g volumen 2000, número 431; páginas 25-33  
999 |c 32783  |d 32783